000 00710nam a2200181 a 4500
003 0
005 20250509141207.0
008 120308s19uu xx 00 eng d
050 _aPHS HQ 27
_b.D53 2004
100 _aDiato, Dennis M.
245 _aComparative study on the perception of male and female teenagers of solar homes, Dasmariñas, Cavite on premarital sex /
_cDennis Diato.
260 _aLas Piñas City, Philippines :
_bSouthville International School and Colleges,
_c2004.
300 _a50 pages :
_billustrations ;
_c28 cm.
504 _aIncludes bibliographical references.
650 _aPremarital sex
_zPhilippines
_xPublic opinion.
650 _aSexual ethics
_zPhilippines.
942 _2lcc
_cPASS
999 _c97109
_d97109